000 00866nam a2200265 a 4500
001 000042400
003 DO-SdBNP
005 20160905095601.0
007 000042400
008 131128s2003 xxu 000 0 spa d
020 _a0970191359
040 _aBPMET
_bspa
_cBPMET
100 1 _aRodríguez Soriano, René
245 1 0 _aQueda la Música. /
_cRené Rodríguez Soriano.
260 _aEstados Unidos de América, :
_bEdiciones Baquiana,
_c2003.
300 _a75 p. ;
_c22 cm.
490 1 _aSenderos de la narrativa
500 _aIncluye datos biografícos del autor en la solapa de la cubierta
830 0 _aSenderos de la narrativa
930 1 _lBND01
_mLF1
_820131128
_f01
_pCT
_g42231
942 _2ddc
_cBK
956 _aYLOCKWARD
_b10
_c20140307
_lBND01
_h0950
956 _aVMATEO
_b10
_c20150424
_lBND01
_h00151
956 _aVMATEO
_b10
_c20150716
_lBPMSU
_h00151
999 _c7690
_d7690